| 000 | 01259cam a22003014a 4500 | ||
|---|---|---|---|
| 090 | _c0 | ||
| 001 | 12508791 | ||
| 005 | 20040621192550.0 | ||
| 008 | 010821s2002 nyu 001 0 eng | ||
| 010 | _a2001046624 | ||
| 020 | _a0471071706 (cloth : alk. paper) | ||
| 040 |
_aDLC _cDLC _dDLC |
||
| 042 | _apcc | ||
| 050 | 0 | 0 |
_aTP155.2.T45 _bD4 2002 |
| 082 | 0 | 0 |
_a660.2969 _221 _bNEV |
| 100 | 1 |
_aDe Nevers, Noel, _d1932- |
|
| 245 | 1 | 0 |
_aPhysical and Chemical Equilibrium For Chemical Engineers / _cNoel de Nevers. |
| 260 |
_aNew York : _bWiley, _cc2002. |
||
| 300 |
_axx, 474 p. : _bill. ; _c26 cm. |
||
| 500 | _aIncludes index. | ||
| 650 | 0 | _aThermodynamics. | |
| 856 | 4 | 2 |
_3Contributor biographical information _uhttp://www.loc.gov/catdir/bios/wiley043/2001046624.html |
| 856 | 4 | 2 |
_3Publisher description _uhttp://www.loc.gov/catdir/description/wiley036/2001046624.html |
| 856 | 4 | 1 |
_3Table of contents _uhttp://www.loc.gov/catdir/toc/wiley021/2001046624.html |
| 942 |
_2ddc _cBB |
||
| 999 |
_c10375 _d10375 |
||